|
|
|
|
| LEADER |
01329nam a22003252a 4500 |
| 001 |
000168921 |
| 003 |
CZ BrMZK |
| 005 |
20100812092448.0 |
| 007 |
ta |
| 008 |
010907s1985 xr f cze d |
| 015 |
|
|
|a cnb000014165
|
| 035 |
|
|
|a (OCoLC)85577867
|
| 040 |
|
|
|a BOA001
|b cze
|c BOA001
|
| 041 |
1 |
|
|a cze
|h lat
|
| 080 |
|
|
|a 871-96
|2 MRF
|
| 100 |
1 |
|
|a Caesar, Gaius Iulius,
|d 100 př. Kr.-44 př. Kr.
|7 jn19981000434
|4 aut
|
| 245 |
1 |
0 |
|a Zápisky o válce galské /
|c z latinského originálu přeložil a úvodem opatřil Jan Kalivoda ; ilustroval Pavel Major
|
| 250 |
|
|
|a 4., V tomto překladu 1. vyd.
|
| 260 |
|
|
|a Praha :
|b Naše vojsko,
|c 1985
|
| 300 |
|
|
|a 179 s.
|
| 490 |
1 |
|
|a Knihovna vojáka z povolání ;
|v prémiový svazek, roč. 5
|
| 500 |
|
|
|a Dostupné též v digitální podobě v aplikaci Kramerius
|
| 700 |
1 |
|
|a Major, Pavel,
|d 1943-
|7 jk01073133
|4 ill
|
| 700 |
1 |
|
|a Kalivoda, Jan,
|d 1952-
|7 jn20001103153
|4 trl
|
| 765 |
0 |
|
|t Commentarii rerum gestarum, vol.1: Bellum Gallicum
|9 Česky
|
| 830 |
|
0 |
|a Knihovna vojáka z povolání
|
| 856 |
4 |
1 |
|u http://www.digitalniknihovna.cz/mzk/uuid/uuid:07487c50-15ab-11e5-bcb7-005056827e52
|y Digitalizovaný dokument
|x NDK
|
| 910 |
|
|
|a BOA001
|b 2-0901.700
|
| 990 |
|
|
|a BK
|
| 996 |
6 |
|
|b 2619938277
|c 2-0901.700
|l MZK
|r Sklad / do 1 hodiny
|n 85
|w 000168921
|u 000010
|a 1
|e BOA001
|j MZK50
|s P
|